000 01298cam a22003497a 4500
003 CHAP
005 20220329142358.0
008 001018d2000 mx r 00110 spa d
010 _a82633
011 _a83605
035 _a94120
040 _cCHAP
090 _aTesis
100 0 0 _aCruz García, Karla.
_929393
245 1 0 _aAnálisis de la demanda de dumping en contra de las importaciones de cerdo en pie, provenientes de Estados Unidos de América
_c/por Cruz García Karla.
260 _aChapingo, Méx. :
_bEl autor,
_c2000.
300 _a84 h. :
_bcuads., gráfs.
502 _aTesis (Lic. en Comercio Internacional de Productos Agropecuarios) -- UACH. División de Ciencias Económico Administrativas.
590 _aALEPH
_b10
_c20130110
_lUCH01
_h1438
590 _aBATCH-UPD
_b10
_c20130110
_lUCH01
_h0500
590 _aBATCH-UPD
_b10
_c20130410
_lUCH01
_h0138
590 _aBATCH-UPD
_b10
_c20130914
_lUCH01
_h0850
590 _aCONVERSION
_b10
_c20130109
_lUCH01
_h1346
650 1 4 _aCarne de puerco
_xProducción.
_919187
650 1 4 _aCompetencia imperfecta.
_926092
650 1 4 _aOferta y demanda.
_982790
901 _aBK
905 _aEdna Luz
942 _cFOLL
949 _bBC
_cTES
_d33724000803011
_eTS2
_fc.2
_h37296
_i94120
_sb
949 _bBC
_cTES
_d941201
_eTS1
_h37295
_i94120
_sb
999 _c82633
_d82633